Normal view
MARC view
- الأدب العربي - الأندلس
Entry Topical Term
001 - CONTROL NUMBER
- control field: 14381
003 - CONTROL NUMBER IDENTIFIER
- control field: JO-AjAnu
005 - DATE AND TIME OF LATEST TRANSACTION
- control field: 20230606072609.0
008 - FIXED-LENGTH DATA ELEMENTS
- fixed length control field: 230606|| aca||aabn | a|a d
040 ## - CATALOGING SOURCE
- Original cataloging agency: JO-AjAnu
- Transcribing agency: JO-AjAnu
150 ## - HEADING--TOPICAL TERM
- Topical term or geographic name entry element: الأدب العربي - الأندلس
670 ## - SOURCE DATA FOUND
- Source citation: Work cat.: (JO-AjAnu)7389: حقق أصوله ووثق نصوصة وضبطه وكتب مقدماته وتعليقاته ووضع فهارسه سعد،طه عبد الرؤوف , author 14380, طوق الحمامة في الألفة والألالف ألفه الفقيه الأديب أبو محمد علي بن أحمد بن حزم